LEADER 01372nam a2200373 u 4500 001 000000042308 003 CaOOAMICUS 005 20070226114318.0 008 990225s1984 it u000 u ita u 035 $a10815400 040 $aPUL(R)$bita 041 1 $aita$hger 100 1 $aBonhoeffer, Dietrich,$d1906-1945.$0(OLS)http://pul/name/8147 240 10$aChristologie.$lItaliano.$0(OLS)http://pul/title/19639 245 10$aCristologia /$cDietrich Bonhoeffer ; postfazione di Eberhard Bethge e Otto Duduz. 260 $aBrescia :$bQueriniana,$c1984. 300 $a124 p. ;$c20 cm 490 1 $aGiornale di teologia ;$v154 500 $aInclude indici. 504 $aBibliografia a pič pagina. 600 04$aIesus Christus.$0(OLS)http://pul/subject/207 700 1 $aBethge, Eberhard.$0(OLS)http://pul/name/30741 700 1 $aDuduz, Otto.$0(OLS)http://pul/name/31084 830 0$aGiornale di teologia ;$v154.$0(OLS)http://pul/title/9027 850 $aPUL 852 $aPUL$W1$xSL Religione 3$y85$m200 GDT 1.154$j57215$nBK-PRI$qDDC 21$B57215$CPULBib$Z2$F57215 $82 941 1 $a9 960 $aCristologia$9207 960 $aCristologia$9207 960 $aGesł Cristo$9207 961 $aINV: 53029 983 0$aGdT. 996 $6245$aCristologia$9(OLS)http://pul/title/19640 996 $6260$aBrescia :$bQueriniana$9(OLS)http://pul/publisher/47906 LEADER 00855naa a2200205 u 4500 001 000000103403 003 CaOOAMICUS 005 20070226130215.0 008 061115s1978 it u000 u ita u 035 $a11106946 040 $aIAR$bita 100 1 $aVanni Rovighi, Sofia,$d1908-1990.$0(OLS)http://pul/name/5652 245 14$aUna fonte remota della teoria husserliana dell'intenzionalitą /$cSofia Vanni Rovighi. 260 $aMilano :$bVita e pensiero,$c1978. 300 $av.2, p. 283-298 ;$c22 cm 500 $aIAR: CCI.222 773 0 $aStudi di filosofia medioevale (Vanni Rovighi, Sofia) 773 0 $aVanni Rovighi, Sofia.$tStudi di filosofia medioevale$g19-20.$w()12175 996 $6245$aUna fonte remota della teoria husserliana dell'intenzionalitą$9(OLS)http://pul/title/130308 996 $6260$aMilano :$bVita e pensiero$9(OLS)http://pul/publisher/48016